02596nam a22002177a 450000500170000000800410001702000180005804000070007604100080008308200210009110000260011224500240013826000360016230000240019836500610022252018680028365000400215194200120219199900190220395201560222220220407103237.0220405b ||||| |||| 00| 0 eng d a9781501110344 cAL aeng 223a813.54bHOON aColleen Hoover927553 aNovember 9bA novel aNew YorkbAtria Paperbackc2015 a310p.bPBc21x13cm. 2Generala6320b₹389.22c₹d₹499.00e22%f8-03-2022 aBeloved #1 New York Times bestselling author Colleen Hoover returns with an unforgettable love story between a writer and his unexpected muse. Fallon meets Ben, an aspiring novelist, the day before her scheduled cross-country move. Their untimely attraction leads them to spend Fallon s last day in L.A. together, and her eventful life becomes the creative inspiration Ben has always sought for his novel. Over time and amidst the various relationships and tribulations of their own separate lives, they continue to meet on the same date every year. Until one day Fallon becomes unsure if Ben has been telling her the truth or fabricating a perfect reality for the sake of the ultimate plot twist. Can Bens relationship with Fallon and simultaneously his novel be considered a love story if it ends in heartbreak. The Song of Achilles Winner of the Orange women's Prize for fiction The international sensation a Sunday Times and new York Times bestseller 'captivating' Donna tartt 'I loved it' J K Rowling 'ravishingly vivid' Emma Donoghue Greece in the age of heroes. Patroclus, an awkward young prince, has been exiled to the court of King Peleus and his perfect son Achilles. Despite their differences, Achilles befriends the shamed prince, and as they grow into young men skilled in the arts of war and medicine, their bond blossoms into something deeper - despite the displeasure of achilles's mother thetis, a cruel sea goddess. But when word comes that Helen of Sparta has been kidnapped, Achilles must go to war in distant Troy and fulfil his destiny. Torn between love and fear for his friend, Patroclus goes with him, little knowing that the years that follow will test everything they hold dear. 'A book I could not put down' Ann Patchett ?an exciting, sexy, violent Superman version of the Iliad? guardian ?sexy, dangerous, mystical? Bettany Hughes. 2American FictionaLiterature927554 2ddccBK c222174d222174 00102ddc40708MAENGaSACPGbSACPGd2022-03-11eBiblios Book Pointg389.22l15m3o813.54 HOONpPG023821r2026-03-23 12:42:26s2026-02-28v499.00yBK